000 00403nam a2200157 i 4500
001 bg
100 1 _aOLSZOWSKI, Tadeusz
245 0 _aMasy ze spoiwami nieorganicznymi /
_cTadeusz Olszowski.
260 _aKraków,
_c1984.
490 1 _aTechnologie Odlewnicze ;
_vz.1
830 _aTechnologie Odlewnicze ;
040 _cBPK
041 _apol
942 _cKS
008 s pl f |000 0 pol
999 _c986
_d986
856 _uhttp://koha.tu.koszalin.pl/cgi-bin/koha/opac-detail.pl?biblionumber=986
_yKatalog online BPK